Đại cương khoa học quản lý

Trình bày những khái niệm cơ bản, sự tiến hóa của các học thuyết quản lý, môi trường và quản lý, đạo đức học quản lý và trách nhiệm xã hội của tổ chức,...

Guardado en:
Detalles Bibliográficos
Autor principal: Nguyễn, Quốc Chí
Formato: Libro
Lenguaje:Undetermined
Publicado: Hà Nội Nxb. Đại học Quốc gia Hà Nội 2015
Materias:
Etiquetas: Agregar Etiqueta
Sin Etiquetas, Sea el primero en etiquetar este registro!
Thư viện lưu trữ: Trung tâm Học liệu Trường Đại học Cần Thơ
LEADER 00876nam a2200205Ia 4500
001 CTU_229733
008 210402s9999 xx 000 0 und d
020 |c 65000 
082 |a 658 
082 |b Ch300 
100 |a Nguyễn, Quốc Chí 
245 0 |a Đại cương khoa học quản lý 
245 0 |c Nguyễn Quốc Chí, Nguyễn Thị Mỹ Lộc 
260 |a Hà Nội 
260 |b Nxb. Đại học Quốc gia Hà Nội 
260 |c 2015 
520 |a Trình bày những khái niệm cơ bản, sự tiến hóa của các học thuyết quản lý, môi trường và quản lý, đạo đức học quản lý và trách nhiệm xã hội của tổ chức,... 
650 |a Khoa học quản lý,Management science 
910 |b nthai 
980 |a Trung tâm Học liệu Trường Đại học Cần Thơ